| 000 | 00803cam a2200229 a 4500 | ||
|---|---|---|---|
| 020 | _a0471594474 (acidfree paper) | ||
| 040 | _cDLC | ||
| 082 | 0 | 0 | _a670 WIL 1994 A043 Or. |
| 245 | 0 | 0 | _aDesign of work and development of personnel in advanced manufacturing / |
| 260 |
_aNew York : _bWiley, _cc1994. |
||
| 300 |
_axiii, 578 p. : _bill. ; _c25 cm. |
||
| 500 | _a"A Wiley-Interscience publication." | ||
| 650 | 0 | _aHuman engineering. | |
| 650 | 0 | _aPersonnel management. | |
| 650 | 0 | _aComputer integrated manufacturing systems. | |
| 650 | 0 | _aManufacturing resource planning. | |
| 700 | 1 | _aSalvendy, Gavriel, | |
| 700 | 1 | _aKarwowski, Waldemar, | |
| 856 | 4 | 2 | _uhttp://www.loc.gov/catdir/description/wiley033/92035908.html |
| 856 | 4 | _uhttp://www.loc.gov/catdir/toc/onix03/92035908.html | |
| 942 | _cEK | ||
| 999 |
_c12973 _d12973 |
||